LEADER 02499nas 2200769-a 450 001 996215362603316 005 20231213213019.0 011 $a1552-4930 035 $a(OCoLC)52508910 035 $a(CKB)1000000000019783 035 $a(CONSER)--2004212585 035 $a(EXLCZ)991000000000019783 100 $a20030626a20039999 s-- a 101 0 $aeng 135 $aurcnu|||||||| 181 $ctxt$2rdacontent 182 $cc$2rdamedia 183 $acr$2rdacarrier 200 10$aCytometry$hPart A 210 $a[Hoboken, N.J.] $cWiley-Liss$d2003- 215 $a1 online resource 300 $aRefereed/Peer-reviewed 300 $aTitle from table of contents screen (Wiley InterScience, viewed Dec. 23, 2003). 311 $a1552-4922 531 $aCYTOMETRY A 531 $aCYTOMETRY. PART A 531 $aCYTOM PART A 531 $aCYTOM. PART A 531 0 $aCytometry, Part A 606 $aFlow cytometry$vPeriodicals 606 $aImaging systems in biology$vPeriodicals 606 $aImaging systems in medicine$vPeriodicals 606 $aDiagnostic imaging$vPeriodicals 606 $aFlow Cytometry 606 $aDiagnostic Imaging 606 $aDiagnostic imaging$2fast$3(OCoLC)fst00892354 606 $aFlow cytometry$2fast$3(OCoLC)fst00927770 606 $aImaging systems in biology$2fast$3(OCoLC)fst00967624 606 $aImaging systems in medicine$2fast$3(OCoLC)fst00967628 606 $aCytométrie$2rasuqam 606 $aCytométrie de flux$2rasuqam 606 $aImagerie médicale$2rasuqam 608 $aComputer network resources. 608 $aPeriodicals.$2fast 608 $aPeriodicals.$2lcgft 608 $aRessource Internet (Descripteur de forme)$2rasuqam 608 $aPériodique électronique (Descripteur de forme)$2rasuqam 610 $aCytology 615 0$aFlow cytometry 615 0$aImaging systems in biology 615 0$aImaging systems in medicine 615 0$aDiagnostic imaging 615 2$aFlow Cytometry. 615 2$aDiagnostic Imaging. 615 7$aDiagnostic imaging. 615 7$aFlow cytometry. 615 7$aImaging systems in biology. 615 7$aImaging systems in medicine. 615 7$aCytométrie. 615 7$aCytométrie de flux. 615 7$aImagerie médicale. 676 $a571.6 712 02$aInternational Society for Analytical Cytology, 906 $aJOURNAL 912 $a996215362603316 996 $aCytometry$983498 997 $aUNISA LEADER 02899nam 2200721 a 450 001 9910147097703321 005 20200520144314.0 010 $a9786610734566 010 $a9781280734564 010 $a1280734566 010 $a9781847790866 010 $a1847790860 010 $a9781423706588 010 $a1423706587 035 $a(CKB)1000000000030957 035 $a(EBL)589301 035 $a(OCoLC)559815801 035 $a(SSID)ssj0000192493 035 $a(PQKBManifestationID)11171477 035 $a(PQKBTitleCode)TC0000192493 035 $a(PQKBWorkID)10187469 035 $a(PQKB)11463096 035 $a(MiAaPQ)EBC589301 035 $a(oapen)https://directory.doabooks.org/handle/20.500.12854/25858 035 $a(ScCtBLL)d4fe2a2a-c0c7-4182-b288-a0e7296b3ebc 035 $a(oapen)doab25858 035 $a(EXLCZ)991000000000030957 100 $a20030617d2003 uy 0 101 0 $aeng 135 $aur|n#---||||| 181 $ctxt$2rdacontent 182 $cc$2rdamedia 183 $acr$2rdacarrier 200 00$aLimiting institutions? $ethe challenge of Eurasian security governance /$fedited by James Sperling, Sean Kay, and S. Victor Papacosma 205 $a1st ed. 210 $aManchester, UK ;$aNew York $cManchester University Press ;$aNew York $cDistributed exclusively in the USA by Palgrave$dc2003 215 $a1 online resource (290 pages) $cdigital file(s) 300 $aDescription based upon print version of record. 300 $aFirst published: 2003. 311 08$a9780719066047 311 08$a0719066042 320 $aIncludes bibliographical references (p. 263-284) and index. 327 $aPart I. Introduction -- part II. Security threats -- part III. Institutions of security governance -- part IV. Conclusion -- Select bibliography -- Index. 330 $aLimiting Institutions examines the security threats in Eurasia and the role of institutions in the post-Cold War international environment. It looks at both the crucial aspect of foreign policy as well as a theoretical area of security studies and its impact in the former Soviet States. 606 $aNational security$zFormer Soviet republics 606 $aGeopolitics$zFormer Soviet republics 607 $aFormer Soviet republics$xPolitics and government 607 $aEurope$xForeign relations$zFormer Soviet republics 607 $aFormer Soviet republics$xForeign relations$zEurope 607 $aEurope$xPolitics and government$y1989- 615 0$aNational security 615 0$aGeopolitics 676 $a355/.033047 701 $aSperling$b James$0800778 701 $aKay$b Sean$f1967-2020.$0295320 701 $aPapacosma$b S. Victor$f1942-$0800777 801 0$bMiAaPQ 801 1$bMiAaPQ 801 2$bMiAaPQ 906 $aBOOK 912 $a9910147097703321 996 $aLimiting institutions$94200337 997 $aUNINA